FUNDAMENTALS OF FINANCIAL MANAGEMENT (Record no. 14252)

MARC details
000 -LEADER
fixed length control field 00306nam a22001457a 4500
003 - CONTROL NUMBER IDENTIFIER
control field SGT
020 ## - INTERNATIONAL STANDARD BOOK NUMBER
International Standard Book Number 658.15
082 ## - DEWEY DECIMAL CLASSIFICATION NUMBER
Classification number SHA
100 ## - MAIN ENTRY--PERSONAL NAME
Personal name SHARAN, VYUPTAKESH
245 ## - TITLE STATEMENT
Title FUNDAMENTALS OF FINANCIAL MANAGEMENT
250 ## - EDITION STATEMENT
Edition statement 3RD
260 ## - PUBLICATION, DISTRIBUTION, ETC. (IMPRINT)
Place of publication, distribution, etc PEARSON INDIA
Year of Publication 2012
300 ## - PAGE DESCRIPTION
No. of Pages 531
942 ## - ADDED ENTRY ELEMENTS (KOHA)
Source of classification or shelving scheme Dewey Decimal Classification
Koha item type Books
942 ## - ADDED ENTRY ELEMENTS (KOHA)
-- 68
Holdings
Withdrawn status Lost status Source of classification or shelving scheme Damaged status Not for loan Collection code Home library Current library Shelving location Date acquired Vendor Name Cost, normal purchase price SGTU Bill Number Total Checkouts Full call number Accession No. (Barcode) Date last seen Date last borrowed Bill Date Koha item type
    Dewey Decimal Classification     COMMERCE MANAGEMENT SGT Science & Social Sciences Library SGT Science & Social Sciences Library Text Book 27/12/2017 AHUJA BOOKS 369.00 SGTU 9088 37 SHA CM3876 25/03/2025 04/03/2025   Books
    Dewey Decimal Classification     COMMERCE MANAGEMENT SGT Science & Social Sciences Library SGT Science & Social Sciences Library Text Book 27/12/2017 AHUJA BOOKS 369.00 SGTU 9088 29 SHA CM3877 16/06/2025 02/06/2025   Books
    Dewey Decimal Classification     COMMERCE MANAGEMENT SGT Science & Social Sciences Library SGT Science & Social Sciences Library Text Book 27/12/2017 AHUJA BOOKS 369.00 SGTU 9088 22 SHA CM3878 04/09/2025 04/09/2025   Books
    Dewey Decimal Classification     COMMERCE MANAGEMENT SGT Science & Social Sciences Library SGT Science & Social Sciences Library Text Book 27/12/2017 AHUJA BOOKS 369.00 SGTU 9088 23 SHA CM3879 16/06/2025 02/06/2025   Books
    Dewey Decimal Classification     COMMERCE MANAGEMENT SGT Science & Social Sciences Library SGT Science & Social Sciences Library Text Book 27/12/2017 AHUJA BOOKS 369.00 SGTU 9088 29 SHA CM3880 16/01/2025 28/12/2024   Books